000 00518nam a2200193Ia 4500
001 19769
003 GE_BSU
008 181216s||||||||xx |||||||||||||| ||und||
040 _cGE_BSU
245 _aАгрохимия №12 Декабрь 2016
245 _cГл. ред. В.Н. Кудеяров
260 _aМосква
260 _bНаука
260 _c2016
300 _a103стр.29см.
653 _aАгрохимия №12 Декабрь 2016
653 _aპერიოდიკა
942 _cCR
999 _c52743
_d52743